| 000 | 02025nam a2200325 i 4500 | ||
|---|---|---|---|
| 001 | 000000558 | ||
| 003 | DO-SdBNP | ||
| 005 | 20250929151625.0 | ||
| 007 | ta | ||
| 008 | 081030s2007 dr ac 001 0bspa d | ||
| 040 |
_aDO-SdBNP _bspa _cBNPHU _erda |
||
| 041 | _aspa | ||
| 082 | 4 |
_a923.17293 _bT866R _222 |
|
| 100 | 1 |
_aRead Vittini, Mario, _d1926-2010 _eautor _4aut. _91841 |
|
| 245 | 1 | 0 |
_aTrujillo de cerca / _cMario Read Vittini ; prólogo, Manuel Núñez ; presentación, Freddy A. Reyes Pérez. |
| 264 | 1 |
_aSanto Domingo, República Dominicana : _bEditora San Rafael, _c2007. |
|
| 300 |
_avii, 359 páginas : _bilustraciones, facsímil., retratos ; _c23 cm. |
||
| 336 |
_atexto _btxt _2rdacontent |
||
| 337 |
_asin mediación _bn _2rdamedia |
||
| 338 |
_avolumen _bnc _2rdacarrier |
||
| 500 | _aIncluye índice onomástico | ||
| 505 | 0 |
_aPresentación / _rFreddy A. Reyes Pérez -- _tPrólogo / _rManuel Núñez -- _tAlgunas palabras necesarias -- _tDatos generales sobre Trujillo y su régimen -- _t¿Quién era Trujillo? -- _tMis relaciones con Trujillo -- _tMi situación con Trujillo -- _tLa situación económica, social y política de la República al ascenso de Trujillo al poder -- _tEl lado oscuro del régimen -- _tLas actividades internacionales -- _tLa parte positiva -- _tTrujillo y la iglesia -- _tLos monumentos y la prensa -- _tLa administración -- _tLa cultura, las artes y el deporte -- _tTrujillo fiestero -- _tRebeldía y sanción -- _tLa lucha clandestina y el asilamiento -- _tEl exilio -- _tEl atentado -- _tEl regreso -- _tReflexión final -- _tÍndice onomástico -- _tCarta que dirigió Modesto Díaz a su familia pocos días antes de ser asesinado en la hacienda María. |
|
| 590 | _aInventariado, 2020/BT | ||
| 600 | 1 | 0 |
_aRead Vittini, Mario, _d1926-2010 _91841 |
| 600 | 1 | 0 |
_aTrujillo Molina, Rafael Leónidas, _d 1891-1961 _976764 |
| 700 | 1 |
_aNúñez, Manuel, _d1957- _eprologuista _4pr. _92366 |
|
| 700 | 1 |
_aReyes Pérez, Freddy A. _91844 |
|
| 910 | _aValidado. Control de calidad de la MMOLINA | ||
| 942 |
_2ddc _cLBS1 |
||
| 999 |
_c556 _d556 |
||